000 00772nam a2200193Ia 4500
003 LDD
008 190117s9999 xx 000 0 und d
020 _a8171190405
_c₹50
040 _cLDD
041 _ahi
082 _a8h3.7 या4668व
100 _aवर्मा, निर्मल
245 0 _aवहां तक पहुंचने की दौड़
_cनिर्मल वर्मा
260 _aई दिल्ली |
_bाधाकृष्ण 1
_c1991
300 _a143
901 _aBC
904 _aReqst by : आशा एस कंवर
942 _2ddc
_cH
999 _c169379
_d169379